LIBRARY & INFORMATION CENTRE, KCAET, TAVANUR

ONLINE PUBLIC ACCESS CATALOGUE (OPAC)

BHAGAVATH GEETHA (Record no. 17568)

MARC details
000 -LEADER
fixed length control field 00254nam a22001217a 4500
003 - CONTROL NUMBER IDENTIFIER
control field OSt
008 - FIXED-LENGTH DATA ELEMENTS--GENERAL INFORMATION
fixed length control field 221102b |||||||| |||| 00| 0 eng d
041 ## - LANGUAGE CODE
Language code of text/sound track or separate title MAL
082 ## - DEWEY DECIMAL CLASSIFICATION NUMBER
Classification number 294.5924
Item number KM/BH
100 ## - MAIN ENTRY--AUTHOR NAME
Personal name K.M
245 ## - TITLE STATEMENT
Title BHAGAVATH GEETHA
942 ## - ADDED ENTRY ELEMENTS (KOHA)
Koha item type Books
Holdings
Withdrawn status Lost status Damaged status Home library Current library Shelving location Date acquired Full call number Accession Number Koha item type
Withdrawn     KAUAET Sanskrit University Old Collection 02/11/2022 294.5924 KM/BH 9458 Books
free website counter